| 000 | 00771cam a22002411a 4500 | ||
|---|---|---|---|
| 001 | ne 68002782 | ||
| 003 | DLC | ||
| 005 | 20260227111844.0 | ||
| 008 | 770801r19671890le 000 0 arax | ||
| 010 | _ane 68002782 | ||
| 035 | _a(OCoLC)3152310 | ||
| 040 |
_aDLC _cNcRS _dNcRS _dOU _dDLC |
||
| 042 | _apremarc | ||
| 050 | 0 | 0 |
_aPJ7632.C5 _bC5 1967 |
| 100 | 1 |
_aCheiko, Louis, _d1859-1927. |
|
| 245 | 1 | 0 |
_aShuʻarāʼ al-Naṣrānīyah / _cjamaʻahu wa-nassaqahu Luwīs Shīkhū. |
| 250 | _aṬabʻah 2. | ||
| 260 |
_aBayrūt : _bDār al-Mashriq, _c[1967] |
||
| 300 |
_a2 v. ; _c25 cm. |
||
| 500 | _aPhotoreproduction of the ed. published in Beirut, 1890-91. | ||
| 505 | 0 | _av. 1. Qabla al-Islām.--v. 2. Baʻda al-Islām. | |
| 650 | 0 |
_aArabic poetry _xChristian authors. |
|
| 999 |
_c50610 _d50610 |
||